000 003370000a22001450004500
003 MACL
040 _aMACL
090 _c33601
_d33599
100 _aAgrawal, Chandresh
245 _aCAT Common Admission test for MBA From IIMs
260 _bAgrawal Gold Series
350 _a200
650 _aGeneral Managment
942 _cBOOK
_k658/AGR
999 _c33250
_d33250